• 首页
  • 本馆介绍
  • 公告通知
  • 最新文献
  • 馆藏检索
  • 电子资源
  • 读者导购
  • 参考咨询
  • 我的图书馆
  • 登录
  • 详细信息显示
  • 放入我的书架
  • 预约/预借图书
  • 作者相关作品
  • 分类相关作品
  • 丛书相关作品
  • 出版社相关作品

书目信息

  • 表格格式
  • 工作单格式
  • 卡片格式
题名:
SAT数学专项突破与模拟试题
    
 
作者: 莱夫 编著
分册:  
出版信息: 北京   北京语言大学出版社  2018
页数: 559页
开本: 28cm
丛书名:
单 册:
中图分类: G634.603
科图分类:
主题词: 数学课--高中--美国--升学参考资料
电子资源:
ISBN: 978-7-5619-4628-2
000 00878nam0 2200241 45
001 438669
005 20140101161312.0
010    @a978-7-5619-4628-2@dCNY68.00
100    @a20161226d2016 em y0chiy50 ea
101 1  @aeng@achi
102    @aCN@b110000
105    @ay zq 000yy
106    @ar
200 1  @aSAT数学专项突破与模拟试题@9SAT shu xue zhuan xiang tu po yu mo ni shi ti@f(美)Lawrence S.Leff编著
210    @a北京@c北京语言大学出版社@d2018
215    @a559页@d28cm
300    @a新东方SAT考试指定培训教材
330    @a本书是SAT考试数学分项的权威辅导用书。书中涵盖了SAT考试数学分项的各个知识点和技能讲解,并提供大量模拟题目供考生练习,包含两套数学测试题。
606 0  @a数学课@x高中@y美国@j升学参考资料
690    @aG634.603@v5
701  0 @c(美)@a莱夫@9lai fu@c(Leff, Lawrence S.)@4编著
801  2 @aCN@b上海新华@c20191020
905    @b1185965-8@dG634.603@e1388@f4
    
    SAT数学专项突破与模拟试题/(美)Lawrence S.Leff编著.-北京:北京语言大学出版社,2018
    559页;28cm
    新东方SAT考试指定培训教材
    
    ISBN 978-7-5619-4628-2:CNY68.00
    本书是SAT考试数学分项的权威辅导用书。书中涵盖了SAT考试数学分项的各个知识点和技能讲解,并提供大量模拟题目供考生练习,包含两套数学测试题。
●
相关链接 在E读中查询图书 在五车中查询图书 在当当中查询图书 在豆瓣中查询图书


正题名:SAT数学专项突破与模拟试题     索取号:G634.603/1388         预约/预借

序号 登录号 条形码 馆藏地/架位号 状态 备注
1 1185965   211859657   第一样本阅览室/ [索取号:G634.603/1388] 在馆    
2 1185966   211859666   第四借阅区/ [索取号:G634.603/1388] 在馆    
3 1185967   211859675   第四借阅区/ [索取号:G634.603/1388] 在馆    
4 1185968   211859684   第四借阅区/ [索取号:G634.603/1388] 在馆    
唐山师范学院图书馆 欢迎您!
大连网信软件有限公司© 版权所有